| 000 | 00996nam a2200301 a 4500 | ||
|---|---|---|---|
| 001 | 000112688 | ||
| 003 | CHAP | ||
| 005 | 20220329144318.0 | ||
| 008 | 160922s2008 mx |r| ||||||spa d | ||
| 010 | _a109149 | ||
| 011 | _a110121 | ||
| 020 | _a9700767663 | ||
| 040 | _cCHAP | ||
| 082 | 0 | 4 |
_a301 _bG63 2008 |
| 100 | 1 |
_aGómezjara, Francisco A. _949969 |
|
| 245 | 1 | 0 |
_aSociología : _blibros de texto para escuelas preparatorias, CCH, bachilleres, vocacionales, enfermería, normales, trabajo social, economía, derecho y ciencias sociales en general / _cpor Francisco A. Gomezjara. |
| 250 | _a41 ed. | ||
| 260 |
_aMéxico, D.F. : _bPorrúa, _c2008. |
||
| 300 | _a505 p. | ||
| 590 |
_aE11695DGD _b10 _c20170607 _lUCH01 _h1106 |
||
| 590 |
_aE11695DGD _b10 _c20170607 _lUCH01 _h1113 |
||
| 590 |
_aE5765TAJ _b05 _c20160922 _lUCH01 _h1346 |
||
| 590 |
_aE5765TAJ _b05 _c20170606 _lUCH01 _h1252 |
||
| 650 | 1 | 4 |
_aSociología _xLibros de texto. _9131101 |
| 901 | _aBK | ||
| 942 | _cLIBRO | ||
| 942 | _n0 | ||
| 999 |
_c109149 _d109149 |
||